LEADER 00733nam a2200193 i 4500 001 000000251870 003 CaOOAMICUS 005 20161205000000.0 008 161205s1827 it u000 u ita u 013 $a230775 026 $ao.ue a.i- X.s. quEs (3) 1827 (A) 040 $aSeMil$bita 245 10$aTomo 3. 300 $a377, [3] p. 773 0 $aFilangieri, Gaetano <1752-1788>$tScienza della legislazione e gli opuscoli scelti di Gaetano Filangieri. Tomo 1. [-5.].$dLivorno : Dai Torchj di Glauco Masi e C., 1826-1827.$g3$w()14839 850 $aSeMil 852 $aSeMil$W1$xVenegono$y1$m3N II 34 FA$j202216$B202216$CSeMilBibl$Z2$F214894 $8I 961 $aRecupero: Mantegazza 996 $6245$aTomo 3$9(OLS)http://semarc/title/53129 LEADER 00697nam a2200181 i 4500 001 000000243270 003 CaOOAMICUS 005 20221025101429.0 008 150629s1905 xx u000 u mul u 040 $aSeMil$bita 245 10$aVol. 2: Testimonia et Scripturae propinquae. 300 $aXLIV, 208 p. 500 $aRilegato con: 2T III 116/1 773 0 $tDidascalia et constitutiones apostolorum.$dPaderbornae : In Libraria Ferdinandi Schöningh, 1905-1906.$g2$w()32116 850 $aSeMil 852 $aSeMil$W1$xVenegono$y1$m2T III 116/2$j234951$B193616$CSeMilBibl$Z2$F204361 $81 996 $6245$aVol. 2: Testimonia et Scripturae propinquae$9(OLS)http://semarc/title/345067